Central Library OPAC University of Rajshahi

German youth : (Record no. 33862)

MARC details
000 -LEADER
fixed length control field 01004nam a2200277 a 4500
001 - CONTROL NUMBER
control field 33862
003 - CONTROL NUMBER IDENTIFIER
rucl marc code BD-RjUL
005 - DATE AND TIME OF LATEST TRANSACTION
control field 20211209052054.0
008 - FIXED-LENGTH DATA ELEMENTS--GENERAL INFORMATION
fixed length control field 140512t1946 enk b 001 0 eng d
035 ## - SYSTEM CONTROL NUMBER
System control number (BD-RjUL)33954
040 ## - CATALOGING SOURCE
Original cataloging agency WIT
Transcribing agency WIT
Modifying agency OCL
-- EQO
Language of cataloging eng
041 ## - LANGUAGE CODE
Language code of text/sound track or separate title eng
082 04 - DEWEY DECIMAL CLASSIFICATION NUMBER
Classification number 305.2350943
Author mark and year BEG 1946
090 ## - LOCALLY ASSIGNED LC-TYPE CALL NUMBER (OCLC); LOCAL CALL NUMBER (OCLC)
Classification number (OCLC) (R) ; Classification number, CALL (RLIN) (NR) HQ799.G5
Local cutter number (OCLC) ; Book number/undivided call number, CALL (RLIN) B38
100 1# - MAIN ENTRY--PERSONAL NAME
Personal name Becker, Howard Paul,
Dates associated with a name 1899-1960.
9 (RLIN) 102423
245 10 - TITLE STATEMENT
Title German youth :
Remainder of title bond or free /
Statement of responsibility, etc. by Howard Becker.
260 ## - PUBLICATION, DISTRIBUTION, ETC. (IMPRINT)
Place of publication, distribution, etc. London :
Name of publisher, distributor, etc. K.Paul, Trench, Trubner,
Date of publication, distribution, etc. c1946.
300 ## - PHYSICAL DESCRIPTION
Pagination 286 p. :
Illustrations ill. ;
Size 23 cm.
490 1# - SERIES STATEMENT
Series statement International library of sociology and social reconstruction (Routledge & Kegan Paul)
500 ## - GENERAL NOTE
General note "First published 1946".
504 ## - BIBLIOGRAPHY, ETC. NOTE
Bibliography, etc Includes bibliographical reference and index.
650 07 - SUBJECT ADDED ENTRY--TOPICAL TERM
Topical term or geographic name as entry element Youth movements
Geographic subdivision Germany.
9 (RLIN) 15386
Topical term or geographic name as entry element Reconstruction (1939-1951)
Geographic subdivision Germany.
9 (RLIN) 77358
830 10 - SERIES ADDED ENTRY--UNIFORM TITLE
Uniform title International library of sociology and social reconstruction (Routledge & Kegan Paul)
942 ## - ADDED ENTRY ELEMENTS (KOHA)
Source of classification or shelving scheme Dewey Decimal Classification
Koha item type Books
Holdings
Lost status Source of classification or shelving scheme Damaged status Not for loan Collection code Permanent Location Current Location Shelving location Date acquired Source of acquisition Cost, normal purchase price Total Checkouts Full call number Date last seen Copy number Koha item type
  Dewey Decimal Classification     Non-fiction Central Library, University of Rajshahi Central Library, University of Rajshahi Reading Room 12/09/1955 B.H.Blackkwell 18.00   305.2350943 BEG 1946 11/05/2014 C-1 Books